Billboard Hot 100 #1 Hits of 1980 - Statistics

General Stats
  • This quiz has been taken 14 times
  • The average score is 27 of 52
Answer Stats
Issue Date #1 Hit Artist % Correct
May 31 Funkytown Lipps Inc.
85%
June 7 Funkytown Lipps Inc.
85%
June 14 Funkytown Lipps Inc.
85%
June 21 Funkytown Lipps Inc.
85%
April 19 Call Me Blondie
77%
April 26 Call Me Blondie
77%
May 3 Call Me Blondie
77%
May 10 Call Me Blondie
77%
May 17 Call Me Blondie
77%
May 24 Call Me Blondie
77%
March 22 Another Brick in the Wall, Part II Pink Floyd
69%
March 29 Another Brick in the Wall, Part II Pink Floyd
69%
April 5 Another Brick in the Wall, Part II Pink Floyd
69%
April 12 Another Brick in the Wall, Part II Pink Floyd
69%
October 4 Another One Bites the Dust Queen
69%
October 11 Another One Bites the Dust Queen
69%
October 18 Another One Bites the Dust Queen
69%
August 30 Sailing Christopher Cross
62%
January 12 Escape (The Piña Colada Song) Rupert Holmes
54%
December 27 (Just Like) Starting Over John Lennon
54%
November 15 Lady Kenny Rogers
54%
November 22 Lady Kenny Rogers
54%
November 29 Lady Kenny Rogers
54%
December 6 Lady Kenny Rogers
54%
December 13 Lady Kenny Rogers
54%
December 20 Lady Kenny Rogers
54%
September 6 Upside Down Diana Ross
54%
September 13 Upside Down Diana Ross
54%
September 20 Upside Down Diana Ross
54%
September 27 Upside Down Diana Ross
54%
August 2 Magic Olivia Newton-John
38%
August 9 Magic Olivia Newton-John
38%
August 16 Magic Olivia Newton-John
38%
August 23 Magic Olivia Newton-John
38%
January 19 Rock With You Michael Jackson
38%
January 26 Rock With You Michael Jackson
38%
February 2 Rock With You Michael Jackson
38%
February 9 Rock With You Michael Jackson
38%
October 25 Woman in Love Barbra Streisand
38%
November 1 Woman in Love Barbra Streisand
38%
November 8 Woman in Love Barbra Streisand
38%
June 28 Coming Up Paul McCartney
31%
July 5 Coming Up Paul McCartney
31%
July 12 Coming Up Paul McCartney
31%
February 23 Crazy Little Thing Called Love Queen
31%
March 1 Crazy Little Thing Called Love Queen
31%
March 8 Crazy Little Thing Called Love Queen
31%
March 15 Crazy Little Thing Called Love Queen
31%
July 19 It's Still Rock and Roll to Me Billy Joel
31%
July 26 It's Still Rock and Roll to Me Billy Joel
31%
January 5 Please Don't Go KC and the Sunshine Band
23%
February 16 Do That To Me One More Time Captain & Tennille
15%
No matching quizzes found
Score Distribution
Percent of People with Each Score
Percentile by Number Answered
Your Score History
You have not taken this quiz